US Designator Airport Codes - Statistics

General Stats
  • This quiz has been taken 1,069 times
  • The average score is 37 of 51
Answer Stats
Hint Answer % Correct
Atlanta, GA ATL
99%
Boston, MA BOS
94%
Austin, TX AUS
92%
Denver, CO DEN
91%
John F Kennedy International, NY JFK
90%
Los Angeles, CA LAX
90%
Chicago, O'hare Airport, IL ORD
90%
Miami, FL MIA
88%
Seattle, WA SEA
88%
Dallas / Fort Worth, TX DFW
87%
Las Vegas, NV LAS
87%
Phoenix, AZ PHX
86%
San Francisco, CA SFO
84%
San Diego, CA SAN
83%
Cleveland, OH CLE
82%
Fort lauderdale, FL FLL
81%
New York, La Guardia, NY LGA
81%
Philadelphia, PA PHL
80%
Pittsburgh, PA PIT
80%
St. Louis, MO STL
80%
Charlotte, NC CLT
78%
Honolulu, HI HNL
77%
Tampa, FL TPA
77%
Dayton, OH DAY
76%
Orlando, FL MCO
76%
Newark, NJ (New York) EWR
75%
Minneapolis / St. Paul, MN MSP
75%
Washington Dulles, VA IAD
72%
Baltimore, MD BWI
71%
Detroit, MI DTW
71%
Chicago, City Code, IL CHI
70%
Houston, TX IAH
70%
Syracuse, NY SYR
70%
New York City Code, NY NYC
69%
Portland, OR PDX
68%
Richmond, VA RIC
67%
New Orleans, LA MSY
65%
Washington Ronald Reagan International, DC DCA
64%
Washington , City Code, DC WAS
59%
Milwaukee, WI MKE
57%
Raleigh / Durhan, NC RDU
57%
Nashville, TN BNA
56%
Cincinnati, OH CVG
55%
Kansas City, MO MCI
55%
Palm Springs, CA PSP
49%
Kahului (Maui), HI OGG
46%
West Palm Beach, FL PBI
46%
Fort Myers, FL RSW
46%
Columbus, OH CMH
44%
Hartford, CT BDL
42%
Harrisburg, PA MDT
26%
No matching quizzes found
Score Distribution
Percent of People with Each Score
Percentile by Number Answered
Your Score History
You have not taken this quiz